| 000 | 00442nam a2200157 a 4500 | ||
|---|---|---|---|
| 001 | 3818 | ||
| 005 | 20140414131908.0 | ||
| 008 | 061014s19uu xx 00 eng d | ||
| 020 | _a0-7214-1861-9 | ||
| 050 |
_aER _bAl1 1996 |
||
| 245 |
_aAlphabet songs / _cillustrated by David Pace. |
||
| 260 |
_aLeicestershire, UK : _bLadybird Books, _c1996. |
||
| 300 | _a42 p. : ill. ; cm. | ||
| 650 |
_aRhymes _xJuvenile literature. |
||
| 999 |
_c111062 _d111062 |
||